| 000 | 00474nam a2200157Ia 4500 | ||
|---|---|---|---|
| 008 | 210716s2001 xx 000 0 und d | ||
| 020 | _a70445346 | ||
| 041 | _aeng | ||
| 082 | _a005.74 ROBP | ||
| 100 | _aRob, Peter;Semaan, Elie. | ||
| 245 |
_aDatabases: design development and deployment. _bDesign development and deployment. |
||
| 250 | _a1 | ||
| 260 |
_aNew Delhi _bTata McGraw Hill Publishing Company Ltd _c2001 |
||
| 300 | _axxii,469 | ||
| 650 | _aDatabase Management | ||
| 999 |
_c186431 _d186431 |
||